000 02732cam a22005534i 4500
003 PE-LiUPU
005 20250731180141.0
008 150706s2007 miu r 000 0 spa d
020 _a9780825419447
035 _a(Sirsi) i9780825419447
040 _aPE-LiUPU
_bspa
_cPE-LiUPU
_erda
049 _aPRUA
082 0 4 _a576.8
_bW79
_221
100 1 _aWoodward, Thomas,
_eautor.
245 1 0 _aDarwin contraataca :
_buna defensa de la ciencia del diseño inteligente /
_cThomas Woodward.
264 1 _aGrand Rapids, Michigan :
_bPortavoz,
_c2007.
300 _a314 páginas ;
_c22 centímetros
336 _atext
_2rdacontent
337 _aunmediated
_2rdamedia
338 _avolume
_2rdacarrier
500 _aTraducción de: Darwin strikes back.
505 0 _aLa irrupción del designio: "¡Qué se cae el cielo!" -- La verdadera cuestión: la sinfonía macroevolutiva de la naturaleza -- El designio después de 1996: Avance bajo un fuego intenso -- Más allá del congreso de Yale: la guerra sobre el designio se calienta -- Bombas y cohetes a discreción: Michael Behe y la complejidad de la célula -- Jonathan Wells y su obra Iconos de la evolución: la batalla sobre la desinformación en los libros de texto -- Los fósiles y la batalla sobre el Cámbrico: el iceberg y su reluciente punta -- El recalcitrante misterio: ¿Cómo se originó la vida? -- Evaluación de la cuestión acerca del origen de la vida: ¿Qué hemos aprendido? -- La CSI y el filtro explicativo: la prueba de fuego de Dembski -- Aliados inesperados: Cosmólogos y ateólogos -- ¿Estamos en el punto de inflexión? Tesis, retrospecciones y planteamientos.
526 _aSEG44
526 _aSEG26
526 _aP159
526 _aP155
526 _aP154
526 _aP153
526 _aP150
526 _aP100
526 _aP31
526 _aP30
526 _aP26
526 _aP25
526 _aP24
526 _aP22
526 _aP15
526 _aP10
541 _g001-0000464;
650 0 4 _aDiseño inteligente (Teleología)
650 0 4 _aEvolución (Biología)
_xCristianismo.
_9229
650 0 4 _aReligión y ciencia.
910 _agl
_bjv
_clch
_d20091123
942 _2ddc
_cBOOK
949 _a576.8 W79
_wDEWEY
_c1
_i60656
_d2016-4-24
_e2016-4-20
_lCCODEBUL1
_mBUL
_n3
_p12.00
_r0
_sY
_tBOOK
_u2015-7-6
_xTEOLOGIA
_zUNKNOWN
_0COMPRA
_o.STAFF. Colección Teología
994 _aC0
_bPEPRU
596 _a1
999 _a576.8 W79
_wDEWEY
_c50070
_i60656
_d50070
_e2018-9-9
_f2021-11-11
_g5
_lCCODEBUL1
_mBUL
_n7
_p12.00
_q3
_r0
_sY
_tBOOK
_u2015-7-6
_xTEOLOGIA
_PP35
_0COMPRA
_o.STAFF. Colección Teología
980 _81
_gALBERTO SANCHEZ Responsable de Automatización